AKHLAK DALAM ISLAM / (Record no. 203591)

MARC details
000 -LEADER
fixed length control field 00842nam a2200277 i 4500
005 - DATE AND TIME OF LATEST TRANSACTION
control field 20260330163754.0
008 - FIXED-LENGTH DATA ELEMENTS--GENERAL INFORMATION
fixed length control field 260330t20252025my gr o001 0 may d
020 ## - INTERNATIONAL STANDARD BOOK NUMBER
International Standard Book Number 9789834951917
Terms of availability RM74.00
Qualifying information paperback
040 ## - CATALOGING SOURCE
Original cataloging agency PPAK
Language of cataloging eng
Transcribing agency PPAK
Description conventions rda
082 04 - DEWEY DECIMAL CLASSIFICATION NUMBER
Edition number 23
Classification number 297.5
090 00 - LOCALLY ASSIGNED LC-TYPE CALL NUMBER (OCLC); LOCAL CALL NUMBER (RLIN)
Classification number (OCLC) (R) ; Classification number, CALL (RLIN) (NR) 297.5
Feature heading MAR
Feature heading G
100 0# - MAIN ENTRY--PERSONAL NAME
Personal name Marmoh Kasman,
Relator term author.
245 10 - TITLE STATEMENT
Title AKHLAK DALAM ISLAM /
Statement of responsibility, etc. MARMOH KASMAN
264 #1 - PRODUCTION, PUBLICATION, DISTRIBUTION, MANUFACTURE, AND COPYRIGHT NOTICE
Place of production, publication, distribution, manufacture Kuala Lumpur :
Name of producer, publisher, distributor, manufacturer Dewan Bahasa dan Pustaka,
Date of production, publication, distribution, manufacture, or copyright notice 2025
Date of production, publication, distribution, manufacture, or copyright notice ©2025
300 ## - PHYSICAL DESCRIPTION
Extent xiv, 446 pages ;
Dimensions 22 cm
336 ## - CONTENT TYPE
Content type term text
Source rdacontent
337 ## - MEDIA TYPE
Media type term unmediated
Source rdamedia
338 ## - CARRIER TYPE
Carrier type term volume
Source rdacarrier
500 ## - GENERAL NOTE
General note Includes index
504 ## - BIBLIOGRAPHY, ETC. NOTE
Bibliography, etc. note Bibliography: pages 437-439
650 10 - SUBJECT ADDED ENTRY--TOPICAL TERM
Topical term or geographic name entry element Islamic ethics
Topical term or geographic name entry element Islam
General subdivision Customs and practices
Topical term or geographic name entry element Muslims
General subdivision Conduct of life
942 ## - ADDED ENTRY ELEMENTS (KOHA)
Source of classification or shelving scheme Dewey Decimal Classification
Koha item type Book
Holdings
Withdrawn Not for loan Current library Shelving location Date acquired Total Checkouts Full call number Barcode Date last seen Koha item type
    Perpustakaan Alor Setar Pinjaman Dewasa 01/04/2026   297.5 MAR A01911660 01/04/2026 Book
    Perpustakaan Awam Sungai Petani Pinjaman Dewasa 01/04/2026   297.5 MAR A01911661 01/04/2026 Book
    Perpustakaan Baling Pinjaman Dewasa 01/04/2026   297.5 MAR A01911665 01/04/2026 Book
    Perpustakaan Bandar Baharu Pinjaman Dewasa 01/04/2026   297.5 MAR A01911666 01/04/2026 Book
    Perpustakaan Jitra Pinjaman Dewasa 01/04/2026   297.5 MAR A01911662 01/04/2026 Book
    Perpustakaan Kulim Pinjaman Dewasa 01/04/2026   297.5 MAR A01911664 01/04/2026 Book
    Perpustakaan Langkawi Pinjaman Dewasa 01/04/2026   297.5 MAR A01911663 01/04/2026 Book